Kamayani / (Record no. 7710)
[ view plain ]
| 000 -LEADER | |
|---|---|
| fixed length control field | 00561 a2200181 4500 |
| 010 ## - LCCN (DPL NO) | |
| LC control number | ENG-88153 |
| 020 ## - INTERNATIONAL STANDARD BOOK NUMBER | |
| Terms of availability | 400.00 |
| 035 ## - SYSTEM CONTROL NUMBER | |
| System control number | EN-71686 |
| 037 ## - SOURCE OF ACQUISITION | |
| Source of stock number/acquisition | DBAD / PUB |
| 082 14 - DEWEY DECIMAL CLASSIFICATION NUMBER | |
| Classification number | 881 |
| 100 1# - MAIN ENTRY--PERSONAL NAME | |
| Personal name | Jai Shankar Prasad |
| 245 1# - TITLE STATEMENT | |
| Title | Kamayani / |
| Statement of responsibility, etc | by Jai Shankar Prasad; translated by Prabhu Datta Sharma |
| 260 ## - PUBLICATION, DISTRIBUTION, ETC. (IMPRINT) | |
| Place of publication, distribution, etc | New Delhi |
| Name of publisher, distributor, etc | Research Publications |
| Date of publication, distribution, etc | 2004 |
| 270 ## - ADDRESS | |
| Address | 2/44, Ansari Road, Daryaganj |
| City | New Delhi |
| Postal code | 110 002. |
| 300 ## - PHYSICAL DESCRIPTION | |
| Extent | vii, 191p. |
| Dimensions | 22 cm(HB) |
| 700 1# - ADDED ENTRY--PERSONAL NAME | |
| Personal name | Sharma, Prabhu Datta |
| 942 ## - ADDED ENTRY ELEMENTS (KOHA) | |
| Institution code [OBSOLETE] | dpl |
| Item type | English Books |
| Call number prefix | 881 / JAI |
| Source of classification or shelving scheme | Dewey Decimal Classification |
| Classification part | 881 |
| Call number suffix | JAI |
| Withdrawn status | Lost status | Not for loan | Collection code | Home library | Current library | Source of acquisition | Cost, normal purchase price | Full call number | Barcode | Copy number | Cost, replacement price | Koha item type | Date acquired |
|---|---|---|---|---|---|---|---|---|---|---|---|---|---|
| Not For Loan | Non-fiction | D.B.Act.Division | D.B.Act.Division | DBAD/PUB | 400.00 | 881 JAI | EN-71686 | 1 | 400.00 | English Books | |||
| Non-fiction | Sarojini Nagar | Sarojini Nagar | 881 JAI | B-230966 | English Books | 16/05/2019 |
